000 00456nam a2200169Ia 4500
008 230711s9999||||xx |||||||||||||| ||und||
041 _aENG
082 _a720
_bLE-M
100 _aEdwards,John
245 0 _aManpower planning : Strategy and techniques in an organizational context
250 _a1st Ed.
260 _c1983
_aNew York
_bJohn Wiley & Sons.Inc
300 _a208
650 _aUNIVESITY BUSNIESS SCHOOL
700 _aLeek,Chris
942 _cBK
999 _c1931
_d1931